Türkiye'deki depremlerin listesi - Statistics

General Stats
  • This quiz has been taken 72 times
  • The average score is 8 of 16
Answer Stats
Yıl Büyüklük Konum % Correct
2023 7.7 Kahramanmaraş-Pazarcık
95%
2023 7.6 Kahramanmaraş-Elbistan
94%
1999 7.4 Kocaeli-Gölcük
84%
2011 7.2 Van
75%
1976 7.5 Van-Çaldıran
75%
1939 7.9 Erzincan
73%
1999 7.2 Düzce
50%
1957 7.1 Bolu-Abant
31%
1944 7.2 Bolu-Gerede
31%
1930 7.2 Hakkari
28%
1957 7.1 Muğla-Fethiye
27%
1942 7.0 Tokat-Erbaa
23%
1953 7.2 Çanakkale-Yenice
20%
1943 7.2 Samsun-Ladik
19%
1964 7.0 Balıkesir-Manyas
16%
1970 7.2 Kütahya-Gediz
14%
No matching quizzes found
Score Distribution
Percent of People with Each Score
Percentile by Number Answered
Your Score History
You have not taken this quiz